000 01019nam a22002417a 4500
001 82228
003 BD-RjUL
005 20231101170822.0
008 231101s2020 bg a|||| m||| 00| 0 eng d
035 _a(BD-RjUL)82228
040 _aBD-RjUL
_beng
_cBD-RjUL
_dBD-RjUL
041 _aeng
082 _223
_a370.115095492
_bWAS 2020
100 _aWahab, G.M. Abdul
_99854
245 1 0 _aSocial work education of Public Universities in Bangladesh :
_bA Study on fieldwork training /
_cResearcher G.M. Abdul Wahab ;
_6Supervisor : Md. Shahidur Rahman Choudhary,
260 _aRajshahi :
_bInstitute of Education and Research, (I.E.R.), University of Rajshahi,
_c2020
300 _axvi, 142 leaves :
_bill, ;
_c29.cm.
502 _aThesis (Ph.D.) -- Institute of Education and Research, (I.E.R.), University of Rajshahi, 2020
504 _aReferences : Leaves 121 - 130
650 _aSocial education
_xPublic Universities
_zBangladesh
_99855
700 _aChoudhary, Md. Shahidur Rahman, Supervisor
_99856
942 _2ddc
_cTHE
999 _c82228
_d82228